| 000 | 00826nam a22002537a 4500 | ||
|---|---|---|---|
| 003 | DO-SdBNP | ||
| 005 | 20210405134315.0 | ||
| 008 | 210316b2003 dr| 00| 0 spa d | ||
| 020 | _a9993439207 | ||
| 040 |
_aBPMSU _bspa _cBPMSU |
||
| 082 |
_aRD864.44 _bA989e _222 |
||
| 100 | 1 |
_aAyuso, Juan José _d1941- |
|
| 245 |
_aEn Busca del pueblo dominicano / _cJuan José Ayuso |
||
| 260 |
_aSanto Domingo : _bLibrería la a Trinitaria, _c2003 |
||
| 300 |
_a184 p. ; _c21 cm. |
||
| 500 | _3incluye datos biográficos del autor en la solapa de la cubierta | ||
| 590 | _ainventariado ,2021/MC | ||
| 650 | 4 | _aEnsayos dominicanos | |
| 650 | 4 | _aLiteratura dominicana | |
| 650 | 4 | _aCaracterísticas nacionales, dominicana | |
| 650 | 4 |
_aIdentidad nacional _zRepública Dominicana |
|
| 910 | _aMCabrera/VMateo | ||
| 942 |
_2ddc _cBK |
||
| 999 |
_c13399 _d13399 |
||